4th Gen Kpop Groups - Statistics

General Stats
  • This quiz has been taken 611 times
  • The average score is 15 of 31
Answer Stats
4th Gen Kpop Groups % Correct
Stray kids
91%
Txt
89%
Itzy
85%
Enhypen
84%
Ive
84%
Le sserafim
83%
New Jeans
81%
Aespa
78%
Nmixx
76%
Ateez
73%
Gidle
72%
Kep1er
57%
Stayc
50%
The Boyz
50%
Treasure
49%
Loona
41%
Everglow
40%
Fromis_9
39%
P1harmony
36%
Billie
31%
Purple Kiss
31%
Cravity
29%
weeekly
26%
Oneus
22%
AB6IX
16%
Tempest
10%
Lapillus
8%
Kingdom
7%
Omega x
7%
Wei
7%
Ablue
2%
No matching quizzes found
Score Distribution
Percent of People with Each Score
Percentile by Number Answered
Your Score History
You have not taken this quiz